[Event "JAM-ch Roper Memorial Seniors "]
[Site "Kingston"]
[Date "2017.08.19"]
[Round "8"]
[White "Lindo, Terence"]
[Black "Cameron, Frederick"]
[Result "1/2-1/2"]
[WhiteElo "1669"]
[BlackElo "1790"]
[PlyCount "78"]
[EventDate "2017.08.05"]
[EventType "tourn"]
[EventRounds "9"]
[EventCountry "JAM"]
[SourceTitle "CBM 180 Extra"]
[Source "ChessBase"]
[SourceDate "2017.10.06"]
[SourceVersion "1"]
[SourceVersionDate "2017.10.06"]
[SourceQuality "1"]

1. d4 Nf6 2. c4 e6 3. Bg5 Be7 4. Nc3 h6 5. Bh4 d5 6. e3 0-0 7. cxd5 Nxd5 8. Bxe7 Qxe7 9. Bd3 Nxc3 10. bxc3 e5 11. Ne2 e4 12. Bc2 Bg4 13. Qd2 Bxe2 14. Qxe2 Nd7 15. 0-0 Nf6 16. a4 c5 17. a5 Rac8 18. Bb3 Qc7 19. c4 b6 20. axb6 Qxb6 21. Rfb1 cxd4 22. exd4 Qxd4 23. Kf1 Qd3 24. Qxd3 exd3 25. Rxa7 Rcd8 26. f3 Nd7 27. Rc7 Ne5 28. c5 Rc8 29. Rxc8 Rxc8 30. Ke1 Rxc5 31. Kd2 g6 32. Bd1 Rd5 33. Rb4 Kg7 34. Ba4 Rd6 35. Bb3 Rd7 36. Kc3 Nc6 37. Ra4 Rb7 38. Bd5 Rd7 39. Bb3 Rb7 1/2-1/2

[Event "JAM-ch Roper Memorial Seniors "]
[Site "Kingston"]
[Date "2017.08.05"]
[Round "2"]
[White "Douglas, Markland"]
[Black "Lindo, Terence"]
[Result "1-0"]
[WhiteElo "1747"]
[BlackElo "1669"]
[PlyCount "121"]
[EventDate "2017.08.05"]
[EventType "tourn"]
[EventRounds "9"]
[EventCountry "JAM"]
[SourceTitle "CBM 180 Extra"]
[Source "ChessBase"]
[SourceDate "2017.10.06"]
[SourceVersion "1"]
[SourceVersionDate "2017.10.06"]
[SourceQuality "1"]

1. e4 c5 2. Nf3 Nc6 3. d4 cxd4 4. Nxd4 Nf6 5. Nc3 d6 6. Be2 e6 7. Be3 Bd7 8. Qd2 a6 9. 0-0 Be7 10. f4 Qc7 11. Kh1 Rc8 12. Rad1 Nxd4 13. Bxd4 e5 14. Bg1 0-0 15. h3 Bc6 16. Bf3 b5 17. a3 Rfe8 18. g4 exf4 19. Qxf4 Nd7 20. Bd4 Ne5 21. Bg2 f6 22. Rf2 Rf8 23. Qg3 Ng6 24. Rdf1 Qb8 25. Ne2 Qa8 26. Nc3 a5 27. Rf5 b4 28. Nd5 Bxd5 29. Rxd5 Rxc2 30. Qb3 Rxb2 31. Bxb2 Kh8 32. axb4 axb4 33. Qxb4 Qa6 34. Rf2 Qa7 35. Bd4 Qc7 36. Qb2 Qd7 37. e5 fxe5 38. Rxf8+ Bxf8 39. Bxe5 Qe7 40. Bg3 Qe3 41. Qf2 Qc1+ 42. Kh2 Qc4 43. Rf5 Qc8 44. Rf7 Qe6 45. Rxf8+ Nxf8 46. Qxf8+ Qg8 47. Bxd6 Qxf8 48. Bxf8 Kg8 49. Ba3 g6 50. Bd5+ Kg7 51. g5 h5 52. Bb2+ Kh7 53. Kg2 h4 54. Bc1 Kg7 55. Kf3 Kh7 56. Kg4 Kg7 57. Kxh4 Kh7 58. Kg4 Kg7 59. h4 Kh7 60. h5 gxh5+ 61. Kxh5 1-0

[Event "JAM-ch 49th"]
[Site "Kingston"]
[Date "2017.01.14"]
[Round "3"]
[White "Lindo, Terence"]
[Black "Smith, Shreyas"]
[Result "0-1"]
[WhiteElo "1681"]
[BlackElo "2143"]
[PlyCount "114"]
[EventDate "2017.01.07"]
[EventType "tourn"]
[EventRounds "11"]
[EventCountry "JAM"]
[SourceTitle "EXT 2020"]
[Source "ChessBase"]
[SourceDate "2019.10.17"]
[SourceVersion "1"]
[SourceVersionDate "2019.10.17"]
[SourceQuality "1"]

1. d4 Nf6 2. c4 c5 3. Nf3 cxd4 4. Nxd4 e5 5. Nb3 Nc6 6. e3 Bb4+ 7. Bd2 d5 8. a3 Be7 9. Be2 Be6 10. c5 Ne4 11. Qc2 0-0 12. 0-0 Rc8 13. f3 Nxd2 14. N3xd2 b6 15. Ba6 Bxc5 16. Bxc8 Bxe3+ 17. Kh1 Qxc8 18. Nc3 Na5 19. Rfd1 d4 20. Nf1 Bh6 21. Qd3 dxc3 22. bxc3 Nb3 23. Rab1 Bf5 24. Qb5 Bxb1 25. Rxb1 Nc5 26. a4 Qd7 27. a5 Qxb5 28. Rxb5 Nd7 29. Kg1 Rb8 30. Rd5 Rb7 31. axb6 axb6 32. Kf2 f5 33. Ng3 g6 34. h3 Kf7 35. Ne2 Ke6 36. Rd1 Ra7 37. g3 Ra2 38. g4 Bg5 39. Rh1 Bh4+ 40. Ke3 f4+ 41. Nxf4+ exf4+ 42. Kxf4 Re2 43. g5 Be1 44. h4 Ne5 45. h5 Nd3+ 46. Kg4 Nf2+ 47. Kf4 Nxh1 48. hxg6 hxg6 49. c4 Kd6 50. c5+ bxc5 51. Kg4 c4 52. Kf4 c3 53. Kg4 c2 54. Kh3 c1Q 55. Kg4 Rg2+ 56. Kh3 Qxg5 57. f4 Nf2# 0-1

[Event "JAM-ch 49th"]
[Site "Kingston"]
[Date "2017.01.07"]
[Round "1"]
[White "Lindo, Terence"]
[Black "Curriah, Malik"]
[Result "0-1"]
[WhiteElo "1681"]
[BlackElo "1940"]
[PlyCount "134"]
[EventDate "2017.01.07"]
[EventType "tourn"]
[EventRounds "11"]
[EventCountry "JAM"]
[SourceTitle "EXT 2020"]
[Source "ChessBase"]
[SourceDate "2019.10.17"]
[SourceVersion "1"]
[SourceVersionDate "2019.10.17"]
[SourceQuality "1"]

1. d4 Nf6 2. c4 g6 3. Nc3 Bg7 4. e3 0-0 5. Bd3 d6 6. Nge2 Nbd7 7. 0-0 e5 8. Qc2 c6 9. Bd2 b6 10. Ng3 Bb7 11. Rae1 d5 12. cxd5 Nxd5 13. Nxd5 cxd5 14. dxe5 Nxe5 15. Bc3 Qh4 16. Be2 Rac8 17. Qb3 Rc7 18. Rd1 Rfc8 19. Qb4 Qxb4 20. Bxb4 Nc4 21. b3 Nb2 22. Rb1 h5 23. Bf3 Ba6 24. Be2 Nd3 25. Bd6 Rc6 26. Be7 R6c7 27. Bd6 Rd7 28. Ba3 h4 29. Rfd1 hxg3 30. Bxd3 Bxd3 31. Rxd3 gxf2+ 32. Kxf2 Rc2+ 33. Kf3 Rxa2 34. Bb4 Be5 35. h3 a5 36. Be1 f6 37. Rbd1 Rb2 38. Bg3 Bxg3 39. Kxg3 Kf7 40. R1d2 Rxd2 41. Rxd2 Rc7 42. Rxd5 Rc3 43. Rb5 Rxe3+ 44. Kf4 Re6 45. h4 Rd6 46. g4 Rc6 47. g5 fxg5+ 48. hxg5 Ke6 49. Ke4 Rd6 50. Re5+ Kd7 51. Rd5 Rxd5 52. Kxd5 Kc7 53. Ke5 b5 54. Kf6 a4 55. bxa4 bxa4 56. Kxg6 a3 57. Kf7 a2 58. g6 a1Q 59. g7 Qf1+ 60. Ke7 Qc4 61. Kf8 Qf4+ 62. Ke7 Qg5+ 63. Kf7 Qf5+ 64. Kg8 Kd7 65. Kh8 Qh5+ 66. Kg8 Ke6 67. Kf8 Qf7# 0-1

[Event "Kingston Roper Memorial"]
[Site "Kingston"]
[Date "2016.07.17"]
[Round "8"]
[White "Lindo, Terence"]
[Black "Chin, Eton"]
[Result "0-1"]
[WhiteElo "1669"]
[BlackElo "1869"]
[PlyCount "84"]
[EventDate "2016.07.09"]
[EventType "tourn"]
[EventRounds "10"]
[EventCountry "JAM"]
[SourceTitle "EXT 2018"]
[Source "ChessBase"]
[SourceDate "2017.10.13"]
[SourceVersion "1"]
[SourceVersionDate "2017.10.13"]
[SourceQuality "1"]

1. d4 Nf6 2. c4 c5 3. Nf3 e6 4. Nc3 d5 5. cxd5 Nxd5 6. Nxd5 exd5 7. dxc5 Bxc5 8. e3 0-0 9. Be2 Nc6 10. 0-0 h6 11. a3 Be6 12. b4 Be7 13. Bb2 a6 14. Nd4 Nxd4 15. Bxd4 Bf5 16. Bd3 Qd7 17. Bxf5 Qxf5 18. Qf3 Qxf3 19. gxf3 Rac8 20. Rac1 Rc4 21. Rc3 Rfc8 22. Rd3 f6 23. Kg2 Kf7 24. Rfd1 Ke6 25. e4 dxe4 26. fxe4 Rc1 27. h3 Rxd1 28. Rxd1 Rc2 29. Rd3 Bd6 30. Kf3 h5 31. Ke3 g5 32. Kf3 Be5 33. Bc5 Rc1 34. Kg2 Rc3 35. Re3 Rxe3 36. Bxe3 b5 37. Bc1 Bd4 38. f3 Ke5 39. Kf1 Bc3 40. Ke2 Kd4 41. Be3+ Kc4 42. Bc1 Be5 0-1

[Event "Kingston Roper Memorial"]
[Site "Kingston"]
[Date "2016.07.10"]
[Round "3"]
[White "Chin, Eton"]
[Black "Lindo, Terence"]
[Result "1-0"]
[WhiteElo "1869"]
[BlackElo "1669"]
[PlyCount "81"]
[EventDate "2016.07.09"]
[EventType "tourn"]
[EventRounds "10"]
[EventCountry "JAM"]
[SourceTitle "EXT 2018"]
[Source "ChessBase"]
[SourceDate "2017.10.13"]
[SourceVersion "1"]
[SourceVersionDate "2017.10.13"]
[SourceQuality "1"]

1. c4 Nf6 2. d4 d5 3. Nc3 c6 4. cxd5 Nxd5 5. e4 Nxc3 6. bxc3 e6 7. Nf3 Be7 8. Bd3 0-0 9. 0-0 c5 10. Bb2 Kh8 11. Qc2 h6 12. Rad1 b6 13. d5 Qc7 14. c4 Na6 15. a3 Bb7 16. Qc3 e5 17. Nxe5 Bf6 18. f4 Rad8 19. g4 Kg8 20. Bc2 Rfe8 21. Ba4 Re7 22. Qg3 Nb8 23. Rd2 a6 24. Rfd1 Qd6 25. Nxf7 Bh4 26. Qxh4 Rxf7 27. e5 Qe7 28. Qxe7 Rxe7 29. d6 Rf7 30. Rf1 Bc6 31. Bc2 b5 32. Bb3 Kf8 33. e6 Rb7 34. e7+ Rxe7 35. dxe7+ Kxe7 36. Re1+ Kf8 37. Rxd8+ Kf7 38. cxb5+ Kg6 39. Re6+ Kh7 40. Bc2+ g6 41. Bxg6# 1-0

[Event "Kingston Roper Memorial"]
[Site "Kingston"]
[Date "2016.07.10"]
[Round "4"]
[White "Lindo, Terence"]
[Black "Diedrick, Michael"]
[Result "1-0"]
[WhiteElo "1669"]
[BlackElo "1829"]
[PlyCount "103"]
[EventDate "2016.07.09"]
[EventType "tourn"]
[EventRounds "10"]
[EventCountry "JAM"]
[SourceTitle "EXT 2018"]
[Source "ChessBase"]
[SourceDate "2017.10.13"]
[SourceVersion "1"]
[SourceVersionDate "2017.10.13"]
[SourceQuality "1"]

1. d4 Nf6 2. c4 e6 3. Nf3 d5 4. e3 Be7 5. Bd3 0-0 6. Nc3 b6 7. cxd5 exd5 8. 0-0 Bb7 9. Qc2 Nbd7 10. Nb5 c6 11. Nc3 Re8 12. Nh4 Bd6 13. Nf5 Bc7 14. f3 Nf8 15. Qf2 Ng6 16. Bd2 a6 17. Rae1 c5 18. Kh1 Bb8 19. e4 cxd4 20. Nxd5 Nxd5 21. exd5 Ne5 22. Qxd4 f6 23. Be4 g6 24. Nh6+ Kg7 25. Qa4 b5 26. Qb3 Nc4 27. Bc1 Qd6 28. f4 Kxh6 29. Qh3+ Kg7 30. Bxg6 Rh8 31. Be8 Bc7 32. Qg4+ Kf8 33. Qh5 Qxd5 34. Qh6+ Kg8 35. Rf3 Qxf3 36. gxf3 Bxf3+ 37. Kg1 Bb6+ 38. Kf1 Bd8 39. Kf2 Bg4 40. Rg1 f5 41. h3 Bb6+ 42. Kg3 Rxe8 43. Rg2 Ne3 44. Bxe3 Rxe3+ 45. Kh2 Rxh3+ 46. Qxh3 Kf7 47. Qb3+ Ke7 48. Qc3 Rd8 49. Qe5+ Kf7 50. Rc2 Re8 51. Qd5+ Kg7 52. Qb7+ 1-0

[Event "Kingston Roper Memorial"]
[Site "Kingston"]
[Date "2016.07.09"]
[Round "2"]
[White "Lindo, Terence"]
[Black "Douglas, Markland"]
[Result "1/2-1/2"]
[WhiteElo "1669"]
[BlackElo "1789"]
[PlyCount "197"]
[EventDate "2016.07.09"]
[EventType "tourn"]
[EventRounds "10"]
[EventCountry "JAM"]
[SourceTitle "EXT 2018"]
[Source "ChessBase"]
[SourceDate "2017.10.13"]
[SourceVersion "1"]
[SourceVersionDate "2017.10.13"]
[SourceQuality "1"]

1. d4 Nf6 2. c4 d5 3. Nc3 e6 4. a3 Be7 5. Bg5 0-0 6. Nf3 b6 7. e3 Ba6 8. b3 Nbd7 9. Be2 dxc4 10. bxc4 Bb7 11. 0-0 h6 12. Bh4 c5 13. h3 Re8 14. Bg3 Ne4 15. Nxe4 Bxe4 16. Nd2 Nf6 17. Nf3 Qd7 18. Ne5 Qb7 19. Bf3 cxd4 20. Qxd4 Red8 21. Qb2 Rac8 22. Rac1 Bxf3 23. Nxf3 Qa6 24. Qb5 Qb7 25. a4 Rc5 26. Qb3 Ne4 27. Bh2 Nd2 28. Nxd2 Rxd2 29. Rc2 Rd8 30. Ra2 Qa6 31. Rc2 Rdc8 32. Rfc1 e5 33. Bg3 Rd8 34. e4 Bg5 35. Rf1 Rdc8 36. f4 exf4 37. Bxf4 Bxf4 38. Rxf4 Rxc4 39. Ra2 Rc1+ 40. Kh2 Qc4 41. Rf3 Qxb3 42. Rxb3 R1c4 43. a5 R8c6 44. axb6 axb6 45. Rab2 Rxe4 46. Rxb6 Rxb6 47. Rxb6 Re3 48. g3 Re2+ 49. Kg1 Kh7 50. Ra6 g5 51. Rb6 Kg7 52. Ra6 h5 53. Rb6 f6 54. Ra6 Kg6 55. Rb6 Kf5 56. Ra6 Rb2 57. Rc6 Ke5 58. Ra6 Rd2 59. Ra5+ Ke4 60. Ra4+ Rd4 61. Ra3 Rd3 62. Ra4+ Kf3 63. Kh2 Rd2+ 64. Kg1 Kxg3 65. Ra3+ Kf4 66. Ra6 Ke5 67. Ra5+ Rd5 68. Ra6 h4 69. Kg2 Rd2+ 70. Kg1 f5 71. Ra5+ Ke4 72. Ra4+ Rd4 73. Ra5 Kf4 74. Kg2 g4 75. hxg4 fxg4 76. Ra2 Ke3 77. Ra3+ Rd3 78. Ra1 Rd2+ 79. Kg1 h3 80. Ra3+ Kf4 81. Ra4+ Kg3 82. Ra3+ Kh4 83. Ra1 h2+ 84. Kh1 Rf2 85. Ra4 Rf1+ 86. Kxh2 Rf2+ 87. Kg1 Re2 88. Rb4 Kg3 89. Rb3+ Kf4 90. Ra3 Re3 91. Ra4+ Kf3 92. Ra1 Kg3 93. Rb1 Kh3 94. Ra1 g3 95. Rb1 Re2 96. Ra1 Rg2+ 97. Kh1 Rb2 98. Kg1 Rb3 99. Rc1 1/2-1/2